Nász. [Vers]
Elmentve itt :
| Szerző: | |
|---|---|
| Dokumentumtípus: | Cikk |
| Megjelent: |
1982-09-11
|
| Sorozat: | Délmagyarország
72 No. 213 |
| Online Access: | http://dmarchiv.bibl.u-szeged.hu/95592 |
| LEADER | 00398nab a2200145 i 4500 | ||
|---|---|---|---|
| 001 | delm95592 | ||
| 005 | 20190621143633.0 | ||
| 008 | 190621s1982 hu o 0|| hun d | ||
| 040 | |a SZTE Délmagyarország Archívum |b hun | ||
| 041 | |a hun | ||
| 100 | 1 | |a Katona Judit | |
| 245 | 1 | 0 | |a Nász. [Vers] |h [elektronikus dokumentum] / |c Katona Judit |
| 260 | |c 1982-09-11 | ||
| 300 | |a 6 | ||
| 490 | 0 | |a Délmagyarország |v 72 No. 213 | |